| 000 | 00939nmm a2200265 a 4500 | ||
|---|---|---|---|
| 001 | ocm0001411815 | ||
| 003 | TR-IsHL | ||
| 005 | 20201028165107.0 | ||
| 008 | 160220s2016 tu tur | ||
| 007 | cr cn | ||
| 020 | _a9786055032432 | ||
| 035 |
_a1411815 _b(N$T) |
||
| 050 | 0 | 4 |
_aDR592.T91 _bT87 2016 |
| 090 | 0 | 4 |
_aDR592.T91 _bT87 2016 |
| 100 | 1 | _aTürkeş, Alparslan | |
| 245 | 1 | 0 |
_aAlparslan Türkeş diyor ki _h[electronic resource] / _cAlparslan Türkeş ; hazırlayan Ahmet İzci |
| 260 |
_aİstanbul : _bAvrupa Yakası Yayınları, _c2016 |
||
| 300 | _a245 p. | ||
| 650 | 4 | _aPolitika ve Uluslararası İlişkiler | |
| 650 | 4 | _aPolitics and International Relations | |
| 650 | 0 | _aTürkeş, Alparslan, 1917-1997 | |
| 650 | 7 |
_aHISTORY / Middle East / Turkey & Ottoman Empire _2bisacsh |
|
| 700 | 1 | _aİzci, Ahmet | |
| 856 | 4 | 0 | _uhttp://search.ebscohost.com/login.aspx?direct=true&scope=site&db=e011xww&AN=1411815 |
| 999 |
_c15785 _d15785 |
||